000 00644nam a2200181Ia 4500
008 151202s9999||||xx |||||||||||||| ||und||
082 _bPNVM-67347
100 _aफडके वासंती.
245 _aमुंबईचे खरे मालक कोण ?.
260 _b"अक्षर प्रकाशन,मुंबई."
260 _c67347
300 _a287
600 _aफडके वासंती.
630 _aमुंबईचे खरे मालक कोण ?.
700 _aफडके वासंती.
730 _aमुंबईचे खरे मालक कोण ?.
942 _cBOOK
999 _c1333876
_d1333873